Score 0/30 Timer 04:00
1 Play Today
Who's Older? Type A or B % Correct
a) Dr. Drew OR b) Dr. Phil???
71.9%
a) Larry Bird OR b) Magic Johnson???
69.5%
a) Bill Cosby OR b) Brent Musburger???
69.4%
a) Pat Sajak OR b) Alex Trebek???
69.2%
a) Bill Clinton OR b) Al Gore???
68%
a) Daniel Radcliffe OR b) Emma Watson???
65.9%
a) Donny Osmond OR b) Marie Osmond???
65%
a) Amy Poehler OR b) Tina Fey???
64.6%
a) Kelly Clarkson OR b) Carrie Underwood???
64.5%
a) Shelley Long OR b) Kirstie Alley???
62.8%
a) Carl Weathers OR b) Sylvester Stallone???
60.5%
a) Monica Lewinsky OR b) Snoop Dogg???
58.9%
a) Eli Manning OR b) Yao Ming???
58.1%
a) Dustin Hoffman OR b) Robert Redford???
57.4%
a) Calvin Klein OR b) Ralph Lauren???
57.1%
Who's Older? Type A or B % Correct
a) Nancy Kerrigan OR b) Tonya Harding???
55.8%
a) Beyoncé Knowles OR b) Danica Patrick???
55.5%
a) Barry Manilow OR b) Elton John???
52.6%
a) Mick Jagger OR b) Paul McCartney???
52.2%
a) Enya OR b) Björk???
51.1%
a) Britney Spears OR b) Jessica Simpson???
49%
a) Bill Gates OR b) Bill Nye???
48.7%
a) Michael Jordan OR b) Roger Clemens???
45.9%
a) Larry King OR b) Joan Rivers???
45.1%
a) Demi Moore OR b) Tom Cruise???
42%
a) Denzel Washington OR b) Tom Hanks???
41%
a) Madonna OR b) Gloria Estefan???
40.6%
a) Ashley Tisdale OR b) Lindsay Lohan???
39%
a) Peter Fonda OR b) Jane Fonda???
37.6%
a) Tina Louise OR b) Tina Turner???
33.6%

You're not logged in!

Compare scores with friends on all Sporcle quizzes.
OR
Log In

Sporcle TV

Today on Sporcle TV


Watch our educational content, quiz creation guides, and fun videos on Sporcle TV.

Show Comments

Extras

Top Quizzes Today


Score Distribution

Paid Content

Your Account Isn't Verified!

In order to create a playlist on Sporcle, you need to verify the email address you used during registration. Go to your Sporcle Settings to finish the process.

Report this User

Report this user for behavior that violates our Community Guidelines.

Details: